Normal view
MARC view
Entry Personal Name
001 - CONTROL NUMBER
- control field: 7749
003 - CONTROL NUMBER IDENTIFIER
- control field: OSt
005 - DATE AND TIME OF LATEST TRANSACTION
- control field: 20160412162534.0
008 - FIXED-LENGTH DATA ELEMENTS
- fixed length control field: 160412|| aca||aabn | a|a d
040 ## - CATALOGING SOURCE
- Original cataloging agency: OSt
- Transcribing agency: OSt
100 ## - HEADING--PERSONAL NAME
- Personal name: Penman,H.Stephen;
670 ## - SOURCE DATA FOUND
- Source citation: Work cat.: (OSt): Penman,H.Stephen;, Financial Statement Analysis and Valuation., 2001.
